Travel Reservation System (Record no. 69489)

MARC details
000 -LEADER
fixed length control field 00367nam a2200145Ia 4500
008 - FIXED-LENGTH DATA ELEMENTS--GENERAL INFORMATION
fixed length control field 221007s9999 xx 000 0 und d
041 ## - LANGUAGE CODE
Language code of text/sound track or separate title eng
082 ## - DEWEY DECIMAL CLASSIFICATION NUMBER
Item number MES
100 ## - MAIN ENTRY--PERSONAL NAME
Personal name Meshram Meenal - 2K101117
9 (RLIN) 102327
245 ## - TITLE STATEMENT
Title Travel Reservation System
260 ## - PUBLICATION, DISTRIBUTION, ETC. (IMPRINT)
Date of publication, distribution, etc. 2012
Name of publisher, distributor, etc. Pune University
Place of publication, distribution, etc. Amravati
300 ## - PHYSICAL DESCRIPTION
Extent 48p
520 ## - SUMMARY, ETC.
Summary, etc. Dhamdhere Suvarna
906 ## - LOCAL DATA ELEMENT F, LDF (RLIN)
b General
Holdings
Withdrawn status Lost status Damaged status Not for loan Home library Current library Date acquired Vendor Full call number Barcode Date last seen Bill Date Koha item type Original Barcode
        Smt. Hiraben Nanavati Institute of Management & Research for Women Smt. Hiraben Nanavati Institute of Management & Research for Women 03/08/2012 HNIMR MES HIMR-PR-462 07/10/2022 03/08/2012 Project Reports PR0462